MARC

LEADER 00000nam0a2200000 4500
001 14999
005 20231030190000.0
010 |a 589503067X 
035 |a (RuTPU)RU\TPU\book\15101 
035 |a BOOK00015170 
090 |a 14999 
100 |a 20011209d2000 k y0rusy50 ca 
101 0 |a rus 
102 |a RU 
105 |a aco z 010zb 
200 1 |a Охрана природы  |e Сборник статей  |f Под ред. А. Е. Березина 
210 |a Томск  |c Изд-во НТЛ  |d 2000 
215 |a 120 с. 
600 1 |a Лаптев  |b И. П.  |c российский биолог  |c один из основателей науки об охране природы  |f 1911-1988  |g Иннокентий Прокопьевич  |c профессор кафедры охраны природы Томского государственного университета  |2 stltpush  |3 (RuTPU)RU\TPU\pers\13825 
610 1 |a природа 
610 1 |a охрана 
610 1 |a ТГУ 
610 1 |a природопользование 
610 1 |a экология 
610 1 |a биоиндикация 
675 |a 502.3  |v 3 
702 1 |a Березин  |b А. Е.  |4 340 
801 0 |a RU  |b 63413507  |c 20011209  |g PSBO 
801 2 |a RU  |b 63413507  |c 20060104  |g PSBO 
942 |c BK